| 000 | 00365 a2200121 4500 | ||
|---|---|---|---|
| 005 | 20250624133138.0 | ||
| 082 | _aLM 621.3 EAS | ||
| 111 | _aEAST AFRICAN COMMUNITY | ||
| 245 | _aEast African Countries Going Metric 1968: Introductory Notes and Advantages | ||
| 260 |
_aArusha _bEast African Literature Bureau _c1968 |
||
| 300 |
_a22p.: figures _c22cm. |
||
| 942 |
_2ddc _cBKS |
||
| 999 |
_c4221 _d4221 |
||